Senyor ruch, mestre d'estudi : novel·la pueril / den Pompeu Crehuet ; ab ilustracions den Cornet novel·la pueril / den Pompeu Crehuet ; ab ilustracions den Cornet
Descripción Física:
98 p. ; 23 cm
Colección:
Biblioteca Patufet ; 5
Otros Autores:
Cornet, il
MARC
| LEADER | 00000nam a2200000Ia 4500 | ||
|---|---|---|---|
| 001 | 13187 | ||
| 008 | 160829s1908 xx 000 0 cat d | ||
| 080 | |a L-1-355 | ||
| 100 | |a Crehuet, Pompeu |9 28126 | ||
| 245 | |a Senyor ruch, mestre d'estudi : |b novel·la pueril / den Pompeu Crehuet ; ab ilustracions den Cornet | ||
| 260 | |a Barcelona : |b J. Baguñà, |c 1908 | ||
| 300 | |a 98 p. ; |c 23 cm | ||
| 490 | |a Biblioteca Patufet ; 5 | ||
| 700 | |a Cornet, il. |9 28127 | ||
| 901 | |a Arxiu | ||
| 942 | |n 1 | ||
| 952 | |0 0 |1 0 |4 0 |6 L1355 |7 1 |9 44682 |a Arxiu |b Arxiu |d 2016-12-01 |l 0 |o L-1-355 |p 13187 |r 2016-12-01 00:00:00 |w 2016-12-01 |y ARXIU | ||
| 999 | |c 47263 |d 47263 | ||